Loading...
| Fine Arts - Other | 0 | 7 | 1 | 0 | 65 | 73 | 86.29 | 0 | 5 | 0.00 | 0.00 |
| Fine Arts - Classical Music | 0 | 7 | 1 | 0 | 65 | 50 | 75.00 | 4 | 6 | 0.00 | 0.00 |
| Literature - European | 0 | 6 | 1 | 0 | 55 | 35 | 66.67 | 1 | 4 | 0.00 | 0.00 |
| Science - Chemistry | 0 | 5 | 0 | 1 | 50 | 43 | 62.20 | 0 | 4 | 0.00 | 0.00 |
| Science - Biology | 0 | 5 | 1 | 1 | 45 | 24 | 49.80 | 1 | 5 | 0.00 | 0.00 |
| Science - Physics | 0 | 5 | 2 | 0 | 40 | 14 | 36.80 | 3 | 5 | 0.00 | 0.00 |
| Fine Arts - Painting and Sculpture | 0 | 4 | 2 | 1 | 30 | 42 | 88.75 | 0 | 1 | 0.00 | 0.00 |
| Literature - American | 0 | 4 | 2 | 0 | 30 | 53 | 70.50 | 1 | 2 | 0.00 | 0.00 |
| Social Science | 0 | 2 | 0 | 0 | 20 | 37 | 38.50 | 1 | 2 | 0.00 | 0.00 |
| Geography | 0 | 2 | 0 | 0 | 20 | 64 | 69.00 | 0 | 2 | 0.00 | 0.00 |
| Literature - British | 0 | 2 | 1 | 0 | 15 | 59 | 62.50 | 0 | 1 | 0.00 | 0.00 |
| Religion | 0 | 1 | 0 | 0 | 10 | 55 | 55.00 | 0 | 1 | 0.00 | 0.00 |
| Mythology | 0 | 1 | 0 | 0 | 10 | 45 | 45.00 | 1 | 1 | 0.00 | 0.00 |
| Literature - World | 0 | 1 | 0 | 0 | 10 | 43 | 43.00 | 1 | 1 | 0.00 | 0.00 |
| Science - Other | 0 | 2 | 2 | 1 | 10 | 59 | 66.50 | 0 | 1 | 0.00 | 0.00 |
| History - European | 0 | 1 | 0 | 0 | 10 | 47 | 47.00 | 0 | 1 | 0.00 | 0.00 |
| Philosophy | 0 | 1 | 0 | 0 | 10 | 40 | 40.00 | 0 | 1 | 0.00 | 0.00 |
| Popular Culture | 0 | 1 | 1 | 0 | 5 | 29 | 29.00 | 1 | 1 | 0.00 | 0.00 |